Bắc cung hoàng hậu Lê Ngọc Hân thời ở Huế
Giới thiệu thân thế, cuộc đời và những thông tin, sự kiện lịch sử về Bắc cung Hoàng hậu Lê Ngọc Hân của triều Tây Sơn
Kaydedildi:
| Materyal Türü: | Kitap |
|---|---|
| Dil: | Undetermined |
| Baskı/Yayın Bilgisi: |
Thừa Thiên Huế
Thuận Hóa
2014
|
| Konular: | |
| Etiketler: |
Etiketle
Etiket eklenmemiş, İlk siz ekleyin!
|
| Thư viện lưu trữ: | Trung tâm Học liệu Trường Đại học Cần Thơ |
|---|
| LEADER | 00847nam a2200217Ia 4500 | ||
|---|---|---|---|
| 001 | CTU_196735 | ||
| 008 | 210402s9999 xx 000 0 und d | ||
| 020 | |c 69000 | ||
| 082 | |a 959.7028092 | ||
| 082 | |b B113 | ||
| 245 | 0 | |a Bắc cung hoàng hậu Lê Ngọc Hân thời ở Huế | |
| 245 | 0 | |c Nguyễn Đắc Xuân biên soạn | |
| 260 | |a Thừa Thiên Huế | ||
| 260 | |b Thuận Hóa | ||
| 260 | |c 2014 | ||
| 520 | |a Giới thiệu thân thế, cuộc đời và những thông tin, sự kiện lịch sử về Bắc cung Hoàng hậu Lê Ngọc Hân của triều Tây Sơn | ||
| 650 | |a Vietnam,Việt Nam | ||
| 650 | |x history,Lịch sử | ||
| 650 | |y 18th century,thế kỷ 18 | ||
| 904 | |i Nguyên | ||
| 980 | |a Trung tâm Học liệu Trường Đại học Cần Thơ | ||